[Event "IECG C3.2001.0.00176"]
[Site "IECG email"]
[Date "2001.02.11"]
[Round "?"]
[White "Boettcher, Fred"]
[Black "Cabaniss, Mike"]
[Result "1-0"]
[WhiteElo "1148"]
[BlackElo "1280"]
[PlyCount "34"]
[EventDate "2001.02.11"]
[EventType "tourn (corr)"]
[EventRounds "6"]
[SourceTitle "Corr 2008"]
[Source "ChessBase"]
[SourceDate "2008.06.24"]
[SourceVersion "1"]
[SourceVersionDate "2008.06.24"]
[SourceQuality "1"]

1. e4 d6 2. d4 Nf6 3. Nc3 g6 4. Be3 Bg7 5. f3 0-0 6. Qd2 c6 7. 0-0-0 b5 8. g4 Nbd7 9. h4 b4 10. Nce2 Qa5 11. Kb1 Nb6 12. Nc1 Be6 13. h5 Nc4 14. Bxc4 Bxc4 15. Bh6 Qb6 16. hxg6 fxg6 17. Bxg7 Kxg7 1-0